[Event "GER-ch U10"]
[White "Roessling, Johannes"]
[Black "Schonlau, Leopold"]
[Site "Willingen"]
[Round "9"]
[Result "1-0"]
[Date "2024.05.24"]
[WhiteElo "1578"]
[BlackElo "1359"]
[PlyCount "117"]
[EventDate "2024.05.19"]
[EventType "swiss"]
[EventRounds "11"]
[EventCountry "GER"]
[SourceTitle "CBM 220 Extra"]
[Source "ChessBase"]
[SourceDate "2024.07.31"]
[SourceVersion "1"]
[SourceVersionDate "2024.07.31"]
[SourceQuality "1"]

1. e4 e5 2. Nf3 Nc6 3. Bc4 Nf6 4. d3 d5 5. exd5 Nxd5 6. 0-0 Bc5 7. h3 0-0 8. Bg5 Qd6 9. Nbd2 Bb6 10. Ne4 Qd7 11. Re1 Nf4 12. Ng3 h6 13. Nxe5 Nxe5 14. Bxf4 Nxc4 15. dxc4 Qxd1 16. Raxd1 Be6 17. b3 a5 18. a4 g5 19. Be5 h5 20. Nxh5 Kh7 21. Nf6+ Kg6 22. Nd7 Bxd7 23. Rxd7 Rfe8 24. Bc3 Rxe1+ 25. Bxe1 Re8 26. Kf1 f5 27. c5 Bxc5 28. Rxc7 Bb4 29. Bxb4 axb4 30. Rxb7 Rc8 31. Rxb4 Rxc2 32. Rb6+ Kf7 33. a5 Ra2 34. a6 Ke8 35. b4 Kd8 36. b5 Kc7 37. Rg6 Ra5 38. Rxg5 Rxb5 39. h4 Ra5 40. Rg6 Kd7 41. h5 Ke7 42. h6 Kf7 43. h7 Kxg6 44. h8Q Rxa6 45. Qg8+ Kh6 46. g4 fxg4 47. Qxg4 Ra1+ 48. Kg2 Kh7 49. Qd7+ Kh6 50. Qe6+ Kh5 51. Qe5+ Kh6 52. Qxa1 Kg6 53. Qe5 Kf7 54. Kg3 Kg6 55. Kh4 Kf7 56. Kg5 Kf8 57. Qc7 Ke8 58. Kg6 Kf8 59. Qf7# 1-0

[Event "GER-ch U10"]
[White "Koebel, John"]
[Black "Schonlau, Leopold"]
[Site "Willingen"]
[Round "2"]
[Result "0-1"]
[Date "2024.05.19"]
[WhiteElo "1110"]
[BlackElo "1359"]
[PlyCount "54"]
[EventDate "2024.05.19"]
[EventType "swiss"]
[EventRounds "11"]
[EventCountry "GER"]
[SourceTitle "CBM 220 Extra"]
[Source "ChessBase"]
[SourceDate "2024.07.31"]
[SourceVersion "1"]
[SourceVersionDate "2024.07.31"]
[SourceQuality "1"]

1. d4 d5 2. Nc3 e6 3. Bf4 a6 4. e3 c5 5. Nf3 Nc6 6. Be2 Nf6 7. 0-0 Be7 8. Ne5 Bd6 9. Nxc6 bxc6 10. Bxd6 Qxd6 11. Na4 c4 12. b3 cxb3 13. axb3 h5 14. Nb6 Ng4 15. g3 Rb8 16. Nxc8 Rxc8 17. Bxg4 hxg4 18. Qxg4 Kf8 19. f4 c5 20. f5 cxd4 21. fxe6 f6 22. Qe2 Qxe6 23. Rxa6 Qe5 24. Rf3 Re8 25. Ra7 Kg8 26. g4 dxe3 27. g5 Qxg5+ 0-1